00301nam a2200109Ia 4500008004100000041000800041082001400049100001900063245004100082260004400123300002400167240624s9999 xx 000 0 und d aeng a658.5 CHU aCHUNAWALLA S A aPRODUCTION AND OPERATIONS MANAGEMENT c2003aMumbaibHimalaya Publishing House a720 : p. : cm. ; 22